Beyond Measure: The Hidden History of Measurement (Record no. 3849)
[ view plain ]
| 005 - DATE AND TIME OF LATEST TRANSACTION | |
|---|---|
| control field | 20250612114132.0 |
| 020 ## - INTERNATIONAL STANDARD BOOK NUMBER | |
| International Standard Book Number | 978-0-571-35422-1 |
| 082 ## - DEWEY DECIMAL CLASSIFICATION NUMBER | |
| Classification number | 681.2 VIN |
| 100 ## - MAIN ENTRY--PERSONAL NAME | |
| Author name | VINCENT, J. |
| 245 ## - TITLE STATEMENT | |
| Title | Beyond Measure: The Hidden History of Measurement |
| 260 ## - PUBLICATION, DISTRIBUTION, ETC. | |
| Place of publication, distribution, etc. | London, |
| Name of publisher, distributor, etc. | Faber & Faber Limited, |
| Date of publication, distribution, etc. | 2022. |
| 300 ## - PHYSICAL DESCRIPTION | |
| Extent | viii, 418p.: ill.; picture, table. |
| Other physical details | Index. |
| Dimensions | 20cm. |
| 856 ## - ELECTRONIC LOCATION AND ACCESS | |
| Link text | Access online book |
| Electronic name | Beyond Measure |
| Path | www.fsc.org |
| 942 ## - ADDED ENTRY ELEMENTS (KOHA) | |
| Source of classification or shelving scheme | Dewey Decimal Classification |
| Koha item type | Books |
| Date last seen | Total checkouts | Full call number | Barcode | Cost, replacement price | Price effective from | Koha item type | Lost status | Source of classification or shelving scheme | Damaged status | Not for loan | Withdrawn status | Home library | Current library | Shelving location | Date acquired | Cost, normal purchase price |
|---|---|---|---|---|---|---|---|---|---|---|---|---|---|---|---|---|
| 06/12/2025 | 681.2 VIN | 00000012721 | 106971.12 | 06/12/2025 | Books | Dewey Decimal Classification | College of Business Education Main Library | College of Business Education Main Library | General Collection | 09/17/2024 | 35657.04 | |||||
| 06/12/2025 | 681.2 VIN | 00000012722 | 106971.12 | 06/12/2025 | Books | Dewey Decimal Classification | College of Business Education Main Library | College of Business Education Main Library | Special Reserve Collection | 09/17/2024 | 35657.04 | |||||
| 06/12/2025 | 681.2 VIN | 00000012723 | 106971.12 | 06/12/2025 | Books | Dewey Decimal Classification | College of Business Education Main Library | College of Business Education Main Library | General Collection | 09/17/2024 | 35657.04 | |||||
| 06/12/2025 | 681.2 VIN | 00000012724 | 106971.12 | 06/12/2025 | Books | Dewey Decimal Classification | College of Business Education Main Library | College of Business Education Main Library | General Collection | 09/17/2024 | 35657.04 | |||||
| 06/12/2025 | 681.2 VIN | 00000012725 | 106971.12 | 06/12/2025 | Books | Dewey Decimal Classification | College of Business Education Main Library | College of Business Education Main Library | General Collection | 09/17/2024 | 35657.04 |
